| 000 | 00601nam a22001937a 4500 | ||
|---|---|---|---|
| 003 | OSt | ||
| 005 | 20160711190333.0 | ||
| 008 | 160711b xxu||||| |||| 00| 0 eng d | ||
| 020 | _a1853392111 | ||
| 040 | _c040a | ||
| 082 |
_aWA 788 _bM422s 1994 |
||
| 100 |
_aMathews, Allison _910124 |
||
| 245 |
_aMedical and hygiene textile production : _ba handbook / _cAllison Mathews, Martin Hardingham |
||
| 260 |
_aLondon _bIntermediate technology publications _c1994 |
||
| 300 |
_aviii, 48p; _bill : _c30 cm. |
||
| 650 |
_aTextile production _910125 |
||
| 700 |
_aHardingham, Martin _910126 |
||
| 942 |
_2z _cO_SHELF |
||
| 999 |
_c4707 _d4707 |
||